Voxographie de Claire Guyot en images - Statistiques

Statistiques générales
  • Ce quiz a été pris 72 fois
  • Le résultat moyen est 7 sur 16
Statistiques - réponses
Par images Réponse % Correct
Ariel
100%
Sam
81%
Mercredi Addams
80%
Daphné Blake
72%
Buffy Summers
67%
Marraine la bonne fée
62%
Susan Delfino
45%
Lois Lane
41%
Barbara Wilson / Batgirl
36%
Maman Gourou
36%
Joyce Byers
35%
Mel Jones / la mère de Coraline
16%
Maggie Sheffield
13%
Penelope Pussycat
6%
Princesse Daisy
6%
Lara Lee Candie-Fitzwilly
3%
Aucun quiz correspondant
Distribution des résultats
% des personnes avec chaque résultat
Percentile par nombre de réponses
Votre historique - résultats
Vous n’avez pas pris ce quiz